000 003350000a22001450004500
003 MACL
040 _aMACL
090 _c6280
_d6279
100 _aSatija, M.P.
245 _aA Primer On Ranganathan's Book Number
260 _bMittal Publication
_c1987
350 _a65
650 _aLibrary And Information Science
942 _cBOOK
_k020
999 _c6232
_d6232